000 00601nam a2200169Ia 4500
008 100122s9999 xx 000 0 und d
082 _b72071
_a821
100 _aनाटेकर सुनिल
245 _aगीतपुष्पांचा फुलोरा
260 _bगार्गीज प्रकाशन
_c2007
300 _a262
520 _aविविध गीते
620 _aविविध गीते
630 _aगीतपुष्पांचा फुलोरा
730 _aगीतपुष्पांचा फुलोरा
942 _cBOOK
999 _c442495
_d442492